000
00288nam a22001337a 4500
008
170808b xxu||||| |||| 00| 0 eng d
020
_a
9780073380704
041
_a
eng
080
_a
004
100
_a
34
101
_a
SHKI
245
_a
SIGNALS AND SYSTEMS
_c
NAHVI, M
942
_2
udc
_c
BK
999
_c
22874
_d
22874